Jestem klubem który... - woj. Podlaskie - Statystyki

Ogólne statystyki
  • Ten quiz został rozwiązany 41 razy
  • Średni wynik to 6 z 7
Statystyki odpowiedzi
Zagadnienie Odpowiedź % Poprawnych
Jestem klubem który ma przydomek "Duma Podlasia" Jagiellonia Białystok
100%
Jestem Klubem który ma Jotkę na logo Jagiellonia Białystok
92%
Jestem Klubem który jest najmłodszy na Podlasiu KS Turośnianka
83%
Jestem klubem który ma Żubra na logo ale jest bardziej na Wschodzie Puszcza Hajnówka
83%
Jestem Klubem który jest z Suwałk Wigry
83%
Jestem klubem który jest najbardziej na północy podlasia Pomorzanka Sejny
58%
Jestem klubem który ma Żubra na logo ale jest bardziej na Zachodzie Żubr Drohiczyn
58%
Nie znaleziono quizów pasujących do podanych kryteriów
Rozkład punktacji
Procent ludzi z każdym wynikiem
Percentyl według liczby udzielonych odpowiedzi
Twoja historia wyników
Nie rozwiązałeś tego quizu